Inglés para la vida diaria : (Registro nro. 11554)

Detalles MARC
000 -LEADER
fixed length control field 00929nam a22003017a 4500
001 - CONTROL NUMBER
control field 000550
003 - CONTROL NUMBER IDENTIFIER
control field DO-SdBNP
005 - DATE AND TIME OF LATEST TRANSACTION
control field 20170914104539.0
007 - PHYSICAL DESCRIPTION FIXED FIELD--GENERAL INFORMATION
fixed length control field 000550
008 - FIXED-LENGTH DATA ELEMENTS--GENERAL INFORMATION
fixed length control field 161012b 2009 cc a ||||| |||| 00| 0 spa d
020 ## - INTERNATIONAL STANDARD BOOK NUMBER
International Standard Book Number 9789689385035
040 ## - CATALOGING SOURCE
Original cataloging agency BPMSU
Language of cataloging spa
Transcribing agency BPMSU
041 ## - LANGUAGE CODE
Language code of text/sound track or separate title spa
Language code of original eng
082 #4 - DEWEY DECIMAL CLASSIFICATION NUMBER
Classification number 428.2461
Item number I51
100 1# - MAIN ENTRY--PERSONAL NAME
Personal name León Quintanar, Andrés
245 00 - TITLE STATEMENT
Title Inglés para la vida diaria :
Remainder of title guía práctica /
Statement of responsibility, etc. [ed.] Andrés León Quintanar.
246 ## - VARYING FORM OF TITLE
Title proper/short title English for daily life
260 0# - PUBLICATION, DISTRIBUTION, ETC. (IMPRINT)
Place of publication, distribution, etc. [China] :
Name of publisher, distributor, etc. Lexus,
Date of publication, distribution, etc. 2009.
300 ## - PHYSICAL DESCRIPTION
Extent 128 p. :
Other physical details il. ;
Dimensions 38 cm.
500 ## - GENERAL NOTE
General note Curso completo
650 #4 - SUBJECT ADDED ENTRY--TOPICAL TERM
Topical term or geographic name as entry element INGLÉS
General subdivision ESTUDIO Y ENSEÑANZA
650 #4 - SUBJECT ADDED ENTRY--TOPICAL TERM
Topical term or geographic name as entry element INGLÉS
General subdivision GRAMÁTICA
-- ESTUDIO Y ENSEÑANZA
700 12 - ADDED ENTRY--PERSONAL NAME
Personal name León Quintana, Andrés
910 ## - USER-OPTION DATA (OCLC)
User-option data Validado. Control de calidad MFF
942 ## - ADDED ENTRY ELEMENTS (KOHA)
Source of classification or shelving scheme Dewey Decimal Classification
Koha item type Libros
945 ## - LOCAL PROCESSING INFORMATION (OCLC)
a Inventariado /2017 VM
956 ## - LOCAL ELECTRONIC LOCATION AND ACCESS (OCLC)
Access method LOPEREZ
Materials specified 10
Linkage 20161012
Field link and sequence number BPMSU
Host name 00041
Existencias
Withdrawn status Lost status Source of classification or shelving scheme Damaged status Not for loan Collection code Home library Current library Date acquired Source of acquisition Total Checkouts Full call number Barcode Date last seen Price effective from Koha item type
    Dewey Decimal Classification     Colección de Referencia Dominicana Biblioteca Pública Metropolitana Salomé Ureña Biblioteca Pública Metropolitana Salomé Ureña 10/12/2016 Compra   428.2461 I51 BPMSU16100145 10/12/2016 10/12/2016 Libros